[Event "14. Lichtenberger Sommer"]
[Site "14. Lichtenberger Sommer"]
[Date "2015.08.23"]
[Round "9.93"]
[White "Schröder, Ralf"]
[Black "Schmole-Rostosky, Joachim"]
[Result "1-0"]
[WhiteElo "1672"]
[BlackElo "1598"]
[PlyCount "79"]
[EventDate "2015.??.??"]
[WhiteTeam "Potsdamer SV Mitte e.V."]
[BlackTeam "SF SW Merzhausen"]

1. Nf3 Nf6 2. e3 d5 3. b4 a6 4. Bb2 Nbd7 5. c4 c6 6. d4 b5 7. c5 Ne4 8. Nbd2
Ndf6 9. Bd3 Bf5 10. Qc2 Bg6 11. Ne5 Nxd2 12. Bxg6 hxg6 13. Nxc6 Qc7 14. Qxd2
Qxc6 15. h3 Ne4 16. Qc2 e6 17. a4 Rb8 18. axb5 axb5 19. O-O Be7 20. Ra7 Bh4 21.
g3 Bf6 22. Kg2 Ra8 23. Rxa8+ Qxa8 24. f3 Ng5 25. h4 Nh7 26. c6 O-O 27. Ra1 Qc8
28. Ra5 Bd8 29. Rxb5 Bc7 30. Rb7 Nf6 31. b5 Ne8 32. b6 Nd6 33. Rxc7 Qb8 34. Qc5
Nc4 35. Rb7 Qa8 36. Ra7 Qd8 37. c7 Nxe3+ 38. Kg1 Qf6 39. Qxf8+ Kxf8 40. c8=Q+
1-0

[Event "14. Lichtenberger Sommer"]
[Site "14. Lichtenberger Sommer"]
[Date "2015.08.23"]
[Round "9.94"]
[White "Eichstädt, Torsten"]
[Black "Ollek, Karl-Heinz"]
[Result "0-1"]
[WhiteElo "1302"]
[BlackElo "1726"]
[PlyCount "32"]
[EventDate "2015.??.??"]
[WhiteTeam "SC Friesen Lichtenberg"]
[BlackTeam "SC Friesen Lichtenberg"]

1. d4 Nf6 2. c4 g6 3. Nf3 Bg7 4. g3 O-O 5. Bg2 d6 6. Qc2 Nc6 7. a3 Bf5 8. Qd1
e5 9. O-O exd4 10. Nxd4 Nxd4 11. Qxd4 Qc8 12. Nc3 Re8 13. Bg5 Ne4 14. Qe3 Nxc3
15. bxc3 Rxe3 16. fxe3 Bh3 0-1

[Event "14. Lichtenberger Sommer"]
[Site "14. Lichtenberger Sommer"]
[Date "2015.08.23"]
[Round "9.95"]
[White "Schröder, Wolfgang"]
[Black "Bartoszewski-Reiski, Olaf"]
[Result "0-1"]
[WhiteElo "1722"]
[BlackElo "1383"]
[PlyCount "60"]
[EventDate "2015.??.??"]
[WhiteTeam "SSV Rotation Berlin"]
[BlackTeam "BKS Chemik Bydgoszcz"]

1. d4 Nf6 2. Bg5 g6 3. Bxf6 exf6 4. e4 d6 5. Bd3 Bg7 6. Ne2 Nc6 7. c3 O-O 8.
O-O Ne7 9. Ng3 d5 10. Nd2 dxe4 11. Bxe4 f5 12. Bc2 Re8 13. f4 Nd5 14. Rf3 Bh6
15. Ne2 Ne3 16. Rxe3 Rxe3 17. Nc4 Re7 18. Ne5 f6 19. Bb3+ Be6 20. Bxe6+ Rxe6
21. Qb3 Qe7 22. d5 Rd6 23. c4 Rb6 24. Qh3 Kg7 25. Qh4 Qc5+ 26. Kf1 fxe5 27.
fxe5 Re8 28. Nd4 Qxc4+ 29. Kg1 Be3+ 30. Kh1 Qxd4 0-1

[Event "14. Lichtenberger Sommer"]
[Site "14. Lichtenberger Sommer"]
[Date "2015.08.23"]
[Round "9.96"]
[White "Schneider, Eckehard"]
[Black "Toth, Hans-Jürgen"]
[Result "1-0"]
[WhiteElo "1780"]
[BlackElo "1571"]
[PlyCount "120"]
[EventDate "2015.??.??"]
[WhiteTeam "SF 1903 Berlin"]
[BlackTeam "SF Zehdenick"]

1. e4 e6 2. d4 d5 3. e5 c5 4. c3 Nc6 5. Nf3 Nge7 6. Na3 cxd4 7. cxd4 Nf5 8. Nc2
Qb6 9. Be2 Bb4+ 10. Kf1 O-O 11. a3 Be7 12. b4 Bd7 13. Bb2 Rac8 14. Ne3 Nxe3+
15. fxe3 a5 16. b5 Na7 17. a4 Bb4 18. Qd3 Rc7 19. Kf2 Rfc8 20. Rhc1 Rxc1 21.
Rxc1 Rxc1 22. Bxc1 Qd8 23. e4 dxe4 24. Qxe4 Qc7 25. Be3 Nc8 26. Bd3 g6 27. Ng5
Be7 28. Qh4 h5 29. g4 Bxg5 30. Qxg5 Nb6 31. Bxg6 fxg6 32. Qxg6+ Kh8 33. Bh6
Bxb5 34. axb5 Qd7 35. Qxh5 Qh7 36. Qe8+ Qg8 37. Qxg8+ Kxg8 38. Ke2 a4 39. Bc1
Kf7 40. Kd3 Na8 41. Kc4 b6 42. Kb4 Nc7 43. Kxa4 Nd5 44. Kb3 Nc7 45. Kc4 Nd5 46.
Bd2 Nc7 47. h4 Ne8 48. Bg5 Nc7 49. Bd8 Nd5 50. h5 Ne3+ 51. Kd3 Nd5 52. g5 Nb4+
53. Ke4 Nd5 54. g6+ Kg8 55. Bf6 Nc3+ 56. Kd3 Nd5 57. Ke4 Nc3+ 58. Kf3 Nxb5 59.
Ke3 Nc3 60. h6 Nd5+ 1-0

[Event "14. Lichtenberger Sommer"]
[Site "14. Lichtenberger Sommer"]
[Date "2015.08.23"]
[Round "9.97"]
[White "Radloff, Rainer"]
[Black "Völler, Lothar"]
[Result "1/2-1/2"]
[WhiteElo "1667"]
[BlackElo "1789"]
[PlyCount "88"]
[EventDate "2015.??.??"]
[WhiteTeam "SC Weisse Dame e.V."]
[BlackTeam "FS Dortmund"]

1. Nf3 f5 2. d4 Nf6 3. Bf4 e6 4. h3 Be7 5. e3 O-O 6. Bd3 d6 7. O-O b6 8. c3 Bb7
9. Nbd2 Nbd7 10. Re1 h6 11. Qe2 Nh7 12. Bh2 g5 13. Kh1 Qe8 14. e4 f4 15. e5 d5
16. Ng1 Qf7 17. c4 c5 18. dxc5 Nxc5 19. Bc2 dxc4 20. Qxc4 Rac8 21. Qe2 Rfd8 22.
Ne4 Nf8 23. a3 Ba6 24. Qf3 Bb7 25. Qe2 Nfd7 26. b4 Nxe4 27. Bxe4 Bxe4 28. Qxe4
Rc3 29. Rec1 Rdc8 30. Rxc3 Rxc3 31. Qa8+ Kg7 32. Qxa7 Nxe5 33. Qxb6 Bf6 34. Ra2
Rc1 35. a4 f3 36. Bxe5 fxg2+ 37. Kxg2 Bxe5 38. a5 Qf4 39. Nf3 Bc7 40. Qd4+ e5
41. Qxf4 exf4 42. a6 Bb8 43. Ne5 Rc3 44. Nd7 f3+ 1/2-1/2

[Event "14. Lichtenberger Sommer"]
[Site "14. Lichtenberger Sommer"]
[Date "2015.08.23"]
[Round "9.98"]
[White "Wilke, Hans-Peter"]
[Black "Bollenbach, Horst"]
[Result "0-1"]
[WhiteElo "1655"]
[BlackElo "1736"]
[PlyCount "52"]
[EventDate "2015.??.??"]
[WhiteTeam "Läufer Reinickendorf"]
[BlackTeam "SC Friesen Lichtenberg"]

1. b4 e5 2. Bb2 Bxb4 3. Bxe5 Nf6 4. e3 c5 5. Nf3 O-O 6. c4 Nc6 7. Bb2 d5 8.
cxd5 Nxd5 9. Be2 Bf5 10. O-O Ba5 11. a3 Bc7 12. d3 Bg6 13. Ne5 Qf6 14. Nc4 Qh4
15. g3 Qe7 16. Bf3 Qd7 17. e4 Nde7 18. Nc3 Nd4 19. Bh5 f5 20. Bxg6 hxg6 21. Ne2
Nec6 22. Nc3 f4 23. Nd5 Qh3 24. f3 fxg3 25. hxg3 Qxg3+ 26. Kh1 Qh2# 0-1

[Event "14. Lichtenberger Sommer"]
[Site "14. Lichtenberger Sommer"]
[Date "2015.08.23"]
[Round "9.99"]
[White "Pöltelt, Helmut"]
[Black "Nguyen Duc, Quang Nhat"]
[Result "1-0"]
[WhiteElo "1752"]
[BlackElo "1604"]
[PlyCount "73"]
[EventDate "2015.??.??"]
[WhiteTeam "SC Eintracht Berlin"]
[BlackTeam "SC Friesen Lichtenberg"]

1. e4 e6 2. d4 d5 3. Nd2 Nf6 4. e5 Nfd7 5. Bb5 a6 6. Bd3 c5 7. c3 Nc6 8. Ndf3
Qb6 9. Ne2 cxd4 10. cxd4 Be7 11. O-O O-O 12. Nc3 f6 13. Na4 Qc7 14. exf6 Nxf6
15. Be3 Bd6 16. h3 Bd7 17. Rc1 Be8 18. Nc5 Bf7 19. Ng5 Bxc5 20. Rxc5 Qd6 21.
Qc2 h6 22. Nxf7 Rxf7 23. Bg6 Rc7 24. Rc1 Rac8 25. Qd2 Ne7 26. Bf4 Qxc5 27. dxc5
Rd7 28. Bb1 Nc6 29. b4 e5 30. Bh2 Re8 31. a4 d4 32. Bg6 Rde7 33. b5 axb5 34.
axb5 Nd8 35. c6 bxc6 36. bxc6 Rc7 37. Qa2+ 1-0

[Event "14. Lichtenberger Sommer"]
[Site "14. Lichtenberger Sommer"]
[Date "2015.08.23"]
[Round "9.100"]
[White "Hömke, Holger"]
[Black "Prix, Siegfried"]
[Result "0-1"]
[WhiteElo "1568"]
[BlackElo "1715"]
[PlyCount "26"]
[EventDate "2015.??.??"]
[WhiteTeam "SK Zehlendorf"]
[BlackTeam "SF 1903 Berlin"]

1. c4 e5 2. Nc3 Nf6 3. g3 d5 4. cxd5 Nxd5 5. Bg2 Nb6 6. Qb3 Be6 7. Qb5+ N8d7 8.
Nf3 c6 9. Qa5 Bd6 10. d4 exd4 11. Nxd4 O-O 12. Nf5 Bc7 13. Bg5 Qxg5 0-1

[Event "14. Lichtenberger Sommer"]
[Site "14. Lichtenberger Sommer"]
[Date "2015.08.23"]
[Round "9.101"]
[White "Fock, Amina"]
[Black "Schreiber, Wilfried"]
[Result "1-0"]
[WhiteElo "1621"]
[BlackElo "1481"]
[PlyCount "85"]
[EventDate "2015.??.??"]
[WhiteTeam "SK International Berlin"]
[BlackTeam "SC Rochade (Berlin)"]

1. e4 c6 2. d4 d5 3. e5 Bf5 4. Be3 e6 5. Nd2 Nd7 6. Be2 Qc7 7. Ngf3 Ne7 8. O-O
h6 9. Rc1 Bh7 10. c4 Nf5 11. Qb3 Be7 12. cxd5 exd5 13. Qxd5 Qb6 14. Qb3 O-O 15.
Qxb6 Nxb6 16. Nc4 Nd5 17. Bd2 Bd8 18. a3 Nfe7 19. Ne3 Bb6 20. Nxd5 Nxd5 21. Bc4
Bf5 22. Bxd5 cxd5 23. Bb4 Rfe8 24. Bc5 Bxc5 25. dxc5 Be4 26. Rfe1 Rac8 27. b4
a6 28. h4 Rc7 29. Rc3 Rec8 30. Nd4 h5 31. f3 Bg6 32. Rec1 Re8 33. Re3 Rce7 34.
Rce1 Rc8 35. e6 fxe6 36. Rxe6 Rxe6 37. Rxe6 Bd3 38. Re5 Bc4 39. Rxh5 Re8 40.
Kf2 Kf7 41. Rg5 Re7 42. h5 Kf6 43. Rf5# 1-0

[Event "14. Lichtenberger Sommer"]
[Site "14. Lichtenberger Sommer"]
[Date "2015.08.23"]
[Round "9.102"]
[White "Bauer, Stefan"]
[Black "Lange, Johannes Friedrich"]
[Result "1/2-1/2"]
[WhiteElo "1633"]
[BlackElo "1506"]
[PlyCount "94"]
[EventDate "2015.??.??"]
[WhiteTeam "SC Kreuzberg"]
[BlackTeam "Schachunion Berlin"]

1. Nf3 d5 2. d4 Nf6 3. Nbd2 Bf5 4. e3 e6 5. Be2 Bd6 6. Ne5 Nbd7 7. f4 Ne4 8.
Ndf3 Nxe5 9. dxe5 Bc5 10. O-O Qe7 11. c3 O-O 12. Qe1 Rad8 13. Nd4 Bg6 14. b4
Bb6 15. a4 a6 16. a5 Ba7 17. b5 axb5 18. Nxb5 Bc5 19. Nd4 Ra8 20. Nb3 Ba7 21.
a6 bxa6 22. Bxa6 c5 23. Be2 c4 24. Nd4 Bxd4 25. Rxa8 Bxe3+ 26. Bxe3 Rxa8 27.
Bd4 h6 28. g3 Ra2 29. Bg4 Rc2 30. Qa1 Qb7 31. Rb1 Qc6 32. Rb6 Qc8 33. Bd1 Rd2
34. Be3 Qd8 35. Ra6 Rxd1+ 36. Qxd1 Qb8 37. Rb6 Qa8 38. Qc1 Qa2 39. Rb2 Qa5 40.
Bd4 Nc5 41. Rb8+ Kh7 42. Bxc5 Qxc5+ 43. Kg2 Be4+ 44. Kh3 Bf5+ 45. Kg2 Be4+ 46.
Kh3 Bf5+ 47. Kg2 Be4+ 1/2-1/2

[Event "14. Lichtenberger Sommer"]
[Site "14. Lichtenberger Sommer"]
[Date "2015.08.23"]
[Round "9.103"]
[White "Ho, Ngoc Hai-Dang"]
[Black "Fiedler, Ronald"]
[Result "0-1"]
[WhiteElo "1264"]
[BlackElo "1692"]
[PlyCount "100"]
[EventDate "2015.??.??"]
[WhiteTeam "Schachunion Berlin"]
[BlackTeam "Läufer Reinickendorf"]

1. e4 c5 2. Nf3 d6 3. Bc4 e6 4. d4 cxd4 5. Qxd4 Nc6 6. Qd1 Nf6 7. Nc3 a6 8. O-O
Be7 9. b3 O-O 10. Re1 b5 11. Bf1 Qc7 12. a4 b4 13. Nb1 Bb7 14. Nbd2 Rac8 15.
Bd3 Nd7 16. Nc4 Bf6 17. Bb2 Bc3 18. Bxc3 bxc3 19. Re3 d5 20. exd5 exd5 21. Na3
Nce5 22. Nxe5 Nxe5 23. Qh5 Ng6 24. Rae1 Qc6 25. Rg3 Rce8 26. Rf1 d4 27. Nc4 h6
28. Qg4 Bc8 29. Qf3 Qxf3 30. Rxf3 Ne5 31. Nxe5 Rxe5 32. Rf4 Rd8 33. Re4 Rxe4
34. Bxe4 Rd6 35. Bd3 Kf8 36. Re1 Re6 37. Rxe6 Bxe6 38. Bxa6 Bxb3 39. Bd3 Bxa4
40. Kf1 Ke7 41. Ke2 Kd6 42. f4 Bd7 43. Kf3 f6 44. h4 f5 45. g3 Bc6+ 46. Ke2 Be4
47. Bxe4 fxe4 48. g4 Ke6 49. Kd1 g6 50. Ke2 h5 0-1

[Event "14. Lichtenberger Sommer"]
[Site "14. Lichtenberger Sommer"]
[Date "2015.08.23"]
[Round "9.104"]
[White "Fock, Sana"]
[Black "Paris, Gerhard"]
[Result "1-0"]
[WhiteElo "1532"]
[BlackElo "1530"]
[PlyCount "55"]
[EventDate "2015.??.??"]
[WhiteTeam "SK International Berlin"]
[BlackTeam "TSG Oberschöneweide"]

1. e4 e5 2. Nf3 d6 3. d4 exd4 4. Nxd4 g6 5. Nc3 Bg7 6. Be3 Ne7 7. Bc4 O-O 8.
Qd2 Nd7 9. Nf3 c5 10. Bh6 Nc6 11. Bxg7 Kxg7 12. O-O-O Nde5 13. Nxe5 dxe5 14.
Qxd8 Rxd8 15. Rxd8 Nxd8 16. Rd1 Be6 17. Bxe6 Nxe6 18. Nd5 Rd8 19. g3 b6 20. f4
exf4 21. gxf4 h5 22. f5 gxf5 23. exf5 Nd4 24. f6+ Kf8 25. Nf4 Re8 26. c3 Ne6
27. Nxh5 Ng5 28. Ng7 1-0

[Event "14. Lichtenberger Sommer"]
[Site "14. Lichtenberger Sommer"]
[Date "2015.08.23"]
[Round "9.105"]
[White "Stoffel, Patrick"]
[Black "Kriuckova, Sonia"]
[Result "1-0"]
[WhiteElo "1310"]
[BlackElo "1256"]
[PlyCount "109"]
[EventDate "2015.??.??"]
[WhiteTeam "vereinslos"]
[BlackTeam "SV Empor Berlin"]

1. e4 c5 2. Nf3 Nc6 3. d4 e6 4. Nc3 d6 5. Be3 Be7 6. dxc5 dxc5 7. Qxd8+ Nxd8 8.
Nb5 Kf8 9. O-O-O Nc6 10. Bf4 a6 11. Nd6 h6 12. e5 g6 13. Kb1 Kg7 14. Be2 Bd8
15. h4 Nge7 16. g4 Bc7 17. h5 g5 18. Nxg5 hxg5 19. Bxg5 Kf8 20. Bf6 Rg8 21. f4
Bd8 22. h6 Ng6 23. h7 Bxf6 24. hxg8=Q+ Kxg8 25. exf6 Nxf4 26. Bf3 Ne5 27. Be4
Nxg4 28. Rdg1 e5 29. Nxc8 Rxc8 30. Rxg4+ Ng6 31. Bxg6 fxg6 32. Rhg1 Kf7 33.
Rxg6 b5 34. b3 a5 35. Rg7+ Kxf6 36. R1g5 Ke6 37. Kb2 b4 38. c4 bxc3+ 39. Kxc3
Rd8 40. Kc4 Rd4+ 41. Kxc5 Rd5+ 42. Kc4 Rd4+ 43. Kb5 Rd5+ 44. Ka4 Rd4+ 45. Kxa5
Rd5+ 46. Ka4 Rd4+ 47. b4 Kd5 48. Rd7+ Ke4 49. Rxd4+ Kxd4 50. b5 e4 51. Rg4 Kd3
52. b6 e3 53. Rg3 Kd2 54. Rxe3 Kxe3 55. b7 1-0

[Event "14. Lichtenberger Sommer"]
[Site "14. Lichtenberger Sommer"]
[Date "2015.08.23"]
[Round "9.107"]
[White "Hamm, Oliver"]
[Black "Wahner, Eberhard"]
[Result "1/2-1/2"]
[WhiteElo "1413"]
[BlackElo "1350"]
[PlyCount "49"]
[EventDate "2015.??.??"]
[WhiteTeam "SC Eintracht Berlin e.V."]
[BlackTeam "SC Eintracht Berlin e.V."]

1. d4 Nf6 2. Nf3 e6 3. e3 c5 4. b3 b6 5. Bb2 Bb7 6. Bd3 d6 7. Nbd2 Nbd7 8. O-O
Be7 9. c4 O-O 10. Qc2 Rc8 11. Ng5 g6 12. Ngf3 Re8 13. Rfe1 Bf8 14. Rad1 Bg7 15.
Ng5 d5 16. f4 cxd4 17. exd4 Nb8 18. Ngf3 Nc6 19. Ne5 Nb4 20. Qb1 Nxd3 21. Qxd3
Nd7 22. Rc1 Nxe5 23. dxe5 dxc4 24. Qxd8 Rexd8 25. Nxc4 1/2-1/2

[Event "14. Lichtenberger Sommer"]
[Site "14. Lichtenberger Sommer"]
[Date "2015.08.23"]
[Round "9.108"]
[White "Semenishchev, Sergej"]
[Black "Raasch, Hauke"]
[Result "1/2-1/2"]
[WhiteElo "771"]
[BlackElo "1211"]
[PlyCount "37"]
[EventDate "2015.??.??"]
[WhiteTeam "SC Friesen Lichtenberg"]
[BlackTeam "SC Eintracht Berlin e.V."]

1. e4 c5 2. Nf3 e6 3. Bc4 a6 4. b3 Qc7 5. Nc3 b5 6. Bd3 Bb7 7. O-O Be7 8. Bb2
Nc6 9. Nxb5 axb5 10. Bxg7 Bf6 11. Bxh8 Bxh8 12. Rb1 b4 13. Qe2 Rxa2 14. Rfe1
Nge7 15. e5 Ra8 16. Bxh7 d6 17. exd6 Qxd6 18. Rbd1 Kd7 19. Be4 1/2-1/2

[Event "14. Lichtenberger Sommer"]
[Site "14. Lichtenberger Sommer"]
[Date "2015.08.23"]
[Round "9.109"]
[White "Scholz, Felix"]
[Black "Cravet, Alexandra"]
[Result "1-0"]
[WhiteElo "1100"]
[BlackElo "750"]
[PlyCount "103"]
[EventDate "2015.??.??"]
[WhiteTeam "vereinslos"]
[BlackTeam "SC Friesen Lichtenberg"]

1. d4 Nc6 2. Nf3 d5 3. c4 dxc4 4. e4 Be6 5. d5 Qd7 6. dxe6 Qxe6 7. Nbd2 Na5 8.
Qa4+ c6 9. Qxa5 Nf6 10. Bxc4 b6 11. Bxe6 bxa5 12. Bc4 e6 13. b3 Bc5 14. h3 O-O
15. O-O Rfd8 16. Ne5 Bd4 17. Rb1 Bxe5 18. Nf3 Bc7 19. e5 Ne4 20. Bb2 Bb6 21.
Rbc1 Ng3 22. Rfd1 Bxf2+ 23. Kxf2 Ne4+ 24. Kg1 Rxd1+ 25. Rxd1 h6 26. Be2 Ng3 27.
Kf2 Ne4+ 28. Ke1 c5 29. Nd2 Nd6 30. Nc4 Nf5 31. Nxa5 Ne3 32. Rd7 Nxg2+ 33. Kf2
Nf4 34. Bf1 g5 35. Nc6 Rf8 36. Rd8 Ng6 37. Rxf8+ Nxf8 38. Nxa7 Kg7 39. Nc6 Nd7
40. a4 f5 41. exf6+ Nxf6 42. Bxf6+ Kxf6 43. a5 Kf5 44. a6 g4 45. hxg4+ Kxg4 46.
a7 h5 47. a8=Q h4 48. Qe8 h3 49. Bxh3+ Kxh3 50. Qg8 Kh4 51. Ne5 c4 52. Qg4# 1-0

[Event "14. Lichtenberger Sommer"]
[Site "14. Lichtenberger Sommer"]
[Date "2015.08.23"]
[Round "9.110"]
[White "Jiranek, Benno"]
[Black "Dittrich, Hans-Juergen"]
[Result "1-0"]
[WhiteElo "1454"]
[BlackElo "1401"]
[PlyCount "107"]
[EventDate "2015.??.??"]
[WhiteTeam "SC Kreuzberg"]
[BlackTeam "vereinslos"]

1. d4 d5 2. c4 dxc4 3. e3 e6 4. Bxc4 Nf6 5. Nf3 a6 6. O-O Nc6 7. b3 Be7 8. Bb2
b5 9. Be2 O-O 10. Nbd2 Bb7 11. e4 Bb4 12. Bd3 Ne7 13. Rc1 Bxd2 14. Nxd2 Re8 15.
Bb1 Ng6 16. f4 Rc8 17. f5 exf5 18. exf5 Nf8 19. Re1 Qd5 20. Nf3 Rxe1+ 21. Qxe1
Re8 22. Qf1 Qd7 23. Ne5 Qd6 24. Rd1 Bd5 25. Bc2 b4 26. Qf4 N8d7 27. Re1 c5 28.
Bd3 Bb7 29. Bc4 Bd5 30. Bd3 Nh5 31. Qg4 Nhf6 32. Qg3 Nh5 33. Qh4 Nhf6 34. Bc4
cxd4 35. Nxd7 Rxe1+ 36. Qxe1 Nxd7 37. Qd2 Bxc4 38. bxc4 Qc5 39. Qxd4 f6 40. Kf1
Qxf5+ 41. Qf2 Qb1+ 42. Qe1 Qxe1+ 43. Kxe1 Nb8 44. Ke2 Nc6 45. Ke3 Kf7 46. Ke4
Ke6 47. g4 a5 48. Bd4 a4 49. Ba1 g6 50. h3 f5+ 51. gxf5+ gxf5+ 52. Kf4 Nd4 53.
Bxd4 a3 54. h4 1-0

[Event "14. Lichtenberger Sommer"]
[Site "14. Lichtenberger Sommer"]
[Date "2015.08.23"]
[Round "9.111"]
[White "Ziegel, Mandy Marie"]
[Black "Allaart, Janne"]
[Result "1/2-1/2"]
[WhiteElo "1582"]
[BlackElo "1454"]
[PlyCount "29"]
[EventDate "2015.??.??"]
[WhiteTeam "SC Zugzwang 95 (Berlin)"]
[BlackTeam "HMC Den Bosch"]

1. d4 d5 2. c4 e6 3. Nf3 Nf6 4. Bf4 Bd6 5. g3 O-O 6. Nbd2 b6 7. Bg2 Bb7 8. O-O
Bxf4 9. gxf4 Nbd7 10. Qc2 Qe7 11. e3 c5 12. cxd5 Nxd5 13. Rac1 Ba6 14. Rfd1
cxd4 15. Nxd4 1/2-1/2

[Event "14. Lichtenberger Sommer"]
[Site "14. Lichtenberger Sommer"]
[Date "2015.08.23"]
[Round "9.112"]
[White "Lieger, Lucas"]
[Black "Franke, Philipp"]
[Result "0-1"]
[WhiteElo "851"]
[BlackElo "1206"]
[PlyCount "80"]
[EventDate "2015.??.??"]
[WhiteTeam "SC Eintracht Berlin e.V."]
[BlackTeam "SC Weisse Dame (Berlin)"]

1. d4 Nf6 2. Bf4 d5 3. Nf3 Bg4 4. e3 e6 5. Be2 Be7 6. Nc3 O-O 7. O-O Nbd7 8.
Qd2 c5 9. Ne5 Bxe2 10. Qxe2 Nxe5 11. dxe5 Nd7 12. Qg4 Re8 13. Bh6 g6 14. f4 Qb6
15. b3 Rad8 16. Rf3 Qb4 17. Ne2 Nxe5 18. fxe5 Qxg4 19. h3 Qe4 20. c3 Qxe5 21.
Raf1 f5 22. Bf4 Qg7 23. Nc1 e5 24. Bh2 e4 25. R3f2 Qxc3 26. Re2 Bd6 27. Bf4
Bxf4 28. Rxf4 Qxc1+ 29. Rf1 Qc3 30. Kh2 Qe5+ 31. g3 d4 32. exd4 cxd4 33. Rd1 d3
34. Rg2 e3 35. a4 e2 36. Rdg1 e1=Q 37. Rxe1 Qxe1 38. g4 fxg4 39. hxg4 Qh4+ 40.
Kg1 Re1# 0-1

[Event "14. Lichtenberger Sommer"]
[Site "14. Lichtenberger Sommer"]
[Date "2015.08.23"]
[Round "9.113"]
[White "Semenishchev, Vladimir"]
[Black "Grothe, Michael"]
[Result "0-1"]
[WhiteElo "750"]
[BlackElo "1220"]
[PlyCount "132"]
[EventDate "2015.??.??"]
[WhiteTeam "SC Friesen Lichtenberg"]
[BlackTeam "vereinslos"]

1. e4 e5 2. Nf3 Nc6 3. Bc4 Nf6 4. Ng5 d5 5. exd5 Nxd5 6. Qf3 Be6 7. O-O h6 8.
Ne4 Be7 9. Nbc3 Nxc3 10. Bxe6 fxe6 11. Nxc3 Bf6 12. Qh5+ Ke7 13. Ne4 Qe8 14.
Nxf6 gxf6 15. Qf3 b6 16. d3 Nd4 17. Qb7 Qc8 18. Qxc8 Raxc8 19. c3 Ne2+ 20. Kh1
Nxc1 21. Raxc1 c5 22. Rg1 Rcd8 23. Rcd1 Rd6 24. h3 Rhd8 25. Rd2 Rxd3 26. Rxd3
Rxd3 27. Re1 Rd2 28. Rb1 Rxf2 29. Kg1 Rd2 30. a3 e4 31. b4 c4 32. Re1 f5 33. g4
Rd3 34. gxf5 exf5 35. Rc1 Rxh3 36. Kg2 Rh5 37. Kg3 Ke6 38. Kf4 b5 39. Ra1 a6
40. a4 Rh4+ 41. Kg3 Rg4+ 42. Kh3 h5 43. axb5 axb5 44. Ra6+ Kd5 45. Rh6 e3 46.
Rh8 Re4 47. Kg2 h4 48. Kf1 Rg4 49. Ke2 Ke4 50. Re8+ Kf4 51. Rxe3 Rg3 52. Re8
Rxc3 53. Rh8 h3 54. Rh4+ Kg3 55. Rh5 Kg4 56. Rh8 h2 57. Rxh2 Rc2+ 58. Ke3 Rxh2
59. Kd4 f4 60. Kc5 Rh5+ 61. Kd4 Rf5 62. Ke4 f3 63. Ke3 f2 64. Kd4 f1=Q 65. Kc3
Rd5 66. Kc2 Qf2+ 0-1